Appointment With God (Record no. 18777)

MARC details
000 -LEADER
fixed length control field 00566nam a2200229 a 4500
020 ## - INTERNATIONAL STANDARD BOOK NUMBER
ISBN
082 00 - DEWEY DECIMAL CLASSIFICATION NUMBER
Classification number 230
Author Cutter PHI
100 ## - MAIN ENTRY--AUTHOR NAME
Author name Phillips, J B
245 ## - TITLE STATEMENT
Title Appointment With God
Sub title Some Thoughts on Holy Communion
260 ## - PUBLICATION, DISTRIBUTION, ETC. (IMPRINT)
Place of publication New York
Name of publisher Macmillan Company
Year of publication 1954
300 ## - PHYSICAL DESCRIPTION
Number of Pages 61p
500 ## - GENERAL NOTE
General note includes index and biblioraphy
650 ## - SUBJECT ADDED ENTRY--TOPICAL TERM
Topical Term Theology
942 ## - ADDED ENTRY ELEMENTS (KOHA)
Koha item type Books
700 1# -
-- Phillips, J B
Holdings
Collection code Home library Current library Date acquired Cost, normal purchase price Full call number Accession Number Koha item type
  Henry Martyn Institute Library Henry Martyn Institute Library 06/06/2008 50.00 230 PHI 11001409 Books
                   Copyright © 2026 | Henry Martyn Institute | Hyderabad | TS-500052 | INDIA | Implemented by hmi.edu.in
Hit-Count:

Powered by Koha